Les films Ghibli - Statistiques

Statistiques générales
  • Ce quiz a été pris 3 102 fois
    1 469 depuis la dernière actualisation
  • Le résultat moyen est 12 sur 24
Statistiques - réponses
Années Titres % Correct
2004 Le Château ambulant
91%
2001 Le Voyage de Chihiro
87%
1986 Le Château dans le ciel
85%
1988 Mon voisin Totoro
84%
1997 Princesse Mononoké
81%
2023 Le Garçon et le Héron
75%
1989 Kiki la petite sorcière
70%
1992 Porco Rosso
69%
2008 Ponyo sur la falaise
68%
1988 Le Tombeau des lucioles
62%
2013 Le vent se lève
60%
2002 Le Royaume des chats
49%
2011 La Colline aux coquelicots
47%
1994 Pompoko
46%
1995 Si tu tends l'oreille
36%
2006 Les Contes de Terremer
34%
2014 Souvenirs de Marnie
34%
2010 Arrietty, le petit monde des chapardeurs
30%
1999 Mes voisins les Yamada
28%
2013 Le Conte de la princesse Kaguya
26%
1991 Souvenirs goutte à goutte
21%
2016 (co-production) La Tortue rouge
19%
1993 (téléfilm) Je peux entendre l'océan
16%
2020 (co-production / téléfilm) Aya et la Sorcière
14%
Aucun quiz correspondant
Distribution des résultats
% des personnes avec chaque résultat
Percentile par nombre de réponses
Votre historique - résultats
Vous n’avez pas pris ce quiz depuis la dernière actualisation